[Event "Copenhagen Chess Challenge 2017"]
[Site "Ballerup"]
[Date "2017.05.11"]
[Round "2.17"]
[White "Kistrup, Nicolai"]
[Black "Fries Nielsen, Jens Ove"]
[Result "0-1"]
[WhiteElo "2185"]
[BlackElo "2351"]
[PlyCount "88"]
[EventDate "2017.05.10"]

1. d4 d6 2. Nf3 f5 3. Nc3 Nf6 4. Bg5 c6 5. Bxf6 gxf6 6. d5 cxd5 7. Nxd5 e6 8.
Nc3 Nc6 9. e3 d5 10. Bb5 a6 11. Bd3 Rg8 12. Rg1 Bb4 13. a3 Bxc3+ 14. bxc3 Qa5
15. Qd2 Bd7 16. c4 dxc4 17. Bxc4 Qc5 18. Bb3 O-O-O 19. Nd4 Rge8 20. Ne2 Kb8 21.
Qc3 Qe7 22. Nf4 Rc8 23. Qb2 Na5 24. g3 Nc4 25. Bxc4 Rxc4 26. Rc1 Bb5 27. Ne2 e5
28. Rd1 Rec8 29. Rc1 Qc5 30. c3 Ra4 31. Ra1 Rc6 32. h4 Rb6 33. Qc1 Bd3 34. Qd2
Rxa3 35. Rxa3 Rb1+ 36. Nc1 Qxa3 37. Kd1 e4 38. Rh1 Qa4+ 39. Ke1 Qa1 40. Kd1 Rb2
41. Qe1 Qb1 42. Qd2 Rxd2+ 43. Kxd2 Qc2+ 44. Ke1 Qxc1# 0-1

[Event "Copenhagen Chess Challenge 2017"]
[Site "Ballerup"]
[Date "2017.05.11"]
[Round "2.18"]
[White "Hector, Jonny"]
[Black "Itkin, David"]
[Result "1-0"]
[WhiteElo "2498"]
[BlackElo "2118"]
[PlyCount "63"]
[EventDate "2017.05.10"]

1. e4 c5 2. Nf3 d6 3. d4 cxd4 4. Nxd4 Nf6 5. Nc3 Nc6 6. Bc4 Qb6 7. Nde2 e6 8.
O-O Be7 9. Bb3 a6 10. Bg5 O-O 11. Bxf6 Bxf6 12. Qxd6 Rd8 13. Qg3 Qc5 14. Kh1 b5
15. f4 Nd4 16. e5 Nxe2 17. Nxe2 Be7 18. c3 Rd2 19. Nd4 Rxb2 20. f5 Bb7 21. Rg1
b4 22. fxe6 Qxc3 23. exf7+ Kh8 24. Qxc3 bxc3 25. Nf5 Bc5 26. e6 Re2 27. e7 Bxe7
28. Nxe7 Rxe7 29. Rge1 Re4 30. Bc2 Rxe1+ 31. Rxe1 Bc6 32. Be4 1-0

[Event "Copenhagen Chess Challenge 2017"]
[Site "Ballerup"]
[Date "2017.05.11"]
[Round "2.19"]
[White "Teplyi, Igor"]
[Black "Hoi, Carsten"]
[Result "1/2-1/2"]
[WhiteElo "2440"]
[BlackElo "2368"]
[PlyCount "61"]
[EventDate "2017.05.10"]

1. d4 Nf6 2. Nf3 g6 3. c4 Bg7 4. Nc3 O-O 5. e4 d6 6. h3 c6 7. Bg5 a6 8. a4 a5
9. Bd3 Nbd7 10. O-O e5 11. d5 Nc5 12. Bc2 Bd7 13. dxc6 Bxc6 14. Nd5 Bxd5 15.
exd5 h6 16. Be3 Nfd7 17. Qc1 e4 18. Nh2 Kh7 19. Rb1 f5 20. f4 Qe7 21. Qd2 Bf6
22. Kh1 Qg7 23. b3 Bc3 24. Qf2 b6 25. Rbd1 Rae8 26. Rg1 Qe7 27. Nf1 Bg7 28. Ng3
Bf6 29. Nf1 Bg7 30. Ng3 Bf6 31. Nf1 1/2-1/2

[Event "Copenhagen Chess Challenge 2017"]
[Site "Ballerup"]
[Date "2017.05.11"]
[Round "2.20"]
[White "Stage Steffensen, Sander"]
[Black "Nielsen, Thomas Bach"]
[Result "0-1"]
[WhiteElo "1952"]
[BlackElo "2163"]
[PlyCount "54"]
[EventDate "2017.05.10"]

1. e4 c6 2. Nc3 d5 3. Nf3 Bg4 4. e5 e6 5. d4 c5 6. Be3 Nc6 7. Be2 Nge7 8. h3
Bxf3 9. Bxf3 Nf5 10. dxc5 d4 11. Bxc6+ bxc6 12. Qf3 Qc7 13. Ne4 dxe3 14. fxe3
Bxc5 15. Rf1 O-O-O 16. Nxc5 Qa5+ 17. b4 Qxb4+ 18. Kf2 Qxc5 19. Rab1 Rd2+ 20.
Kg1 Nxe3 21. Qxf7 Nxf1+ 22. Kh1 Ng3+ 23. Kh2 Qxe5 24. Qb7+ Kd8 25. Qa8+ Ke7 26.
Qxa7+ Kf6 27. Kg1 Rhd8 0-1

[Event "Copenhagen Chess Challenge 2017"]
[Site "Ballerup"]
[Date "2017.05.11"]
[Round "2.21"]
[White "Tandrup, Michael"]
[Black "Jorgensen, Dennis"]
[Result "1/2-1/2"]
[WhiteElo "1906"]
[BlackElo "2172"]
[PlyCount "81"]
[EventDate "2017.05.10"]

1. c4 c6 2. d4 d5 3. e3 Nf6 4. Nc3 g6 5. Nf3 Bg7 6. b3 O-O 7. Be2 Ne4 8. Bb2
Bg4 9. O-O Nxc3 10. Bxc3 Nd7 11. cxd5 cxd5 12. h3 Bxf3 13. Bxf3 Nf6 14. Qd3 Rc8
15. Rac1 Qd7 16. Bb2 Rfd8 17. Rxc8 Rxc8 18. Rc1 e6 19. Rxc8+ Qxc8 20. Qc3 Qxc3
21. Bxc3 Bf8 22. Be2 Ne4 23. Be1 Bh6 24. Kf1 f6 25. f3 Nd6 26. Kf2 Nf5 27. f4
Bf8 28. g4 Nd6 29. Bd3 Ne4+ 30. Kf3 f5 31. g5 Kf7 32. Ke2 Bd6 33. Kd1 Ke7 34.
Kc2 a6 35. a4 Kd7 36. Kb2 Kc6 37. Ka2 Bc7 38. Kb2 b5 39. axb5+ axb5 40. Bxe4
fxe4 41. Bb4 1/2-1/2

[Event "Copenhagen Chess Challenge 2017"]
[Site "Ballerup"]
[Date "2017.05.11"]
[Round "2.22"]
[White "Eriksson, Christian Altenburg"]
[Black "Oltzen, Samuel"]
[Result "1/2-1/2"]
[WhiteElo "2170"]
[BlackElo "1914"]
[PlyCount "72"]
[EventDate "2017.05.10"]

1. e4 c5 2. Nf3 g6 3. c3 Bg7 4. d4 cxd4 5. cxd4 Nf6 6. Nc3 d6 7. Be2 O-O 8. O-O
b6 9. Bg5 Bb7 10. Bd3 d5 11. e5 Ne4 12. Qe2 Nxg5 13. Nxg5 e6 14. Qg4 Nc6 15. h4
h5 16. Qd1 Nxd4 17. Bxg6 fxg6 18. Qxd4 Qe7 19. f4 Rac8 20. b3 Qc5 21. Qxc5 Rxc5
22. Na4 Rc6 23. Rac1 Rfc8 24. Rxc6 Rxc6 25. Rd1 Bf8 26. Nf3 b5 27. Nb2 Rc2 28.
Nd3 d4 29. Nxd4 Rxg2+ 30. Kf1 Be7 31. Nxe6 Bxh4 32. Ng5 Rxa2 33. Nc5 Rf2+ 34.
Kg1 Rg2+ 35. Kf1 Rf2+ 36. Kg1 Rg2+ 1/2-1/2

[Event "Copenhagen Chess Challenge 2017"]
[Site "Ballerup"]
[Date "2017.05.11"]
[Round "2.23"]
[White "Bendixen, Daniel"]
[Black "Dahl, Trygve"]
[Result "0-1"]
[WhiteElo "1855"]
[BlackElo "2169"]
[PlyCount "84"]
[EventDate "2017.05.10"]

1. e4 Nf6 2. e5 Nd5 3. d4 Nb6 4. c4 d6 5. exd6 cxd6 6. b3 g6 7. Bb2 Bg7 8. Nc3
O-O 9. Nf3 Bg4 10. Be2 Nc6 11. d5 Bxf3 12. Bxf3 Nd4 13. O-O a5 14. a4 Nd7 15.
Rb1 Nc5 16. Ba1 e5 17. Nb5 Nxf3+ 18. Qxf3 f5 19. Qc3 Rf7 20. Qc2 f4 21. f3 g5
22. Bb2 Bf8 23. Ba3 Na6 24. Nc3 Be7 25. Ne4 Rg7 26. h3 h5 27. Nf2 Qd7 28. Qe4
Bd8 29. c5 Nxc5 30. Bxc5 dxc5 31. Qxe5 Bc7 32. Qe4 Re8 33. Qc4 Be5 34. Qxc5 Rc8
35. Qxa5 Bd4 36. Rbd1 Be3 37. Kh2 g4 38. Ne4 Qf5 39. Qe1 gxf3 40. gxf3 Rc2+ 41.
Rf2 Bxf2 42. Nxf2 Qg6 0-1

[Event "Copenhagen Chess Challenge 2017"]
[Site "Ballerup"]
[Date "2017.05.11"]
[Round "2.24"]
[White "Quinones Maletti, Julio Guillermo"]
[Black "Nielsen, Carsten Juul"]
[Result "1-0"]
[WhiteElo "2164"]
[BlackElo "1897"]
[PlyCount "49"]
[EventDate "2017.05.10"]

1. e4 e5 2. Nf3 Nc6 3. Bb5 Nge7 4. O-O a6 5. Ba4 d6 6. c3 Bd7 7. d4 Ng6 8. d5
Nb8 9. Bxd7+ Nxd7 10. g3 Be7 11. c4 Nc5 12. Nc3 a5 13. Be3 Qd7 14. Qc2 Qg4 15.
Ne1 h5 16. f3 Qh3 17. Nd1 Qd7 18. Nd3 Nxd3 19. Qxd3 h4 20. Nf2 b6 21. b3 Qd8
22. Qd2 hxg3 23. hxg3 Bh4 24. gxh4 Qxh4 25. Ng4 1-0

[Event "Copenhagen Chess Challenge 2017"]
[Site "Ballerup"]
[Date "2017.05.11"]
[Round "2.25"]
[White "Brondal, Paul"]
[Black "Marthedal, Anton Mehmet Yildiz"]
[Result "0-1"]
[WhiteElo "2118"]
[BlackElo "1855"]
[PlyCount "144"]
[EventDate "2017.05.10"]

1. Nf3 Nf6 2. c4 e6 3. g3 d5 4. Bg2 Be7 5. O-O O-O 6. b3 b6 7. Bb2 Bb7 8. e3 c5
9. Qe2 Nc6 10. Rd1 Qc7 11. Nc3 Rad8 12. Rac1 d4 13. exd4 cxd4 14. Nb5 d3 15.
Qxd3 Rxd3 16. Nxc7 Rfd8 17. Nb5 a6 18. Nc3 Nb4 19. a3 Bxf3 20. Bxf3 Rxf3 21.
axb4 Bxb4 22. d4 Ng4 23. Rd2 Ne5 24. Kg2 Rd3 25. Re2 Nc6 26. d5 Nd4 27. Re3 Rd2
28. Na2 Bc5 29. Rb1 exd5 30. cxd5 Nf5 31. Rf3 Ne3+ 32. Kg1 Nd1 33. Bc3 Bxf2+
34. Kf1 Nxc3 35. Nxc3 Bd4 36. Ne4 Rxh2 37. Rd1 Rh1+ 38. Ke2 Rxd1 39. Kxd1 Rxd5
40. Rd3 Rd8 41. Ke2 f5 42. Nd2 Bf6 43. Rf3 g6 44. Nc4 b5 45. Ne3 Bg5 46. Nf1
Rc8 47. Rd3 Re8+ 48. Kf2 Rd8 49. Rc3 f4 50. g4 Be7 51. Rc7 Bb4 52. Rc6 a5 53.
Ke2 Kg7 54. Rb6 Rd5 55. Rb7+ Kh6 56. Rf7 Kg5 57. Rxh7 Kxg4 58. Nh2+ Kf5 59. Nf3
g5 60. Rh5 Kg6 61. Rh8 Rc5 62. Rg8+ Kh5 63. Rh8+ Kg4 64. Nh2+ Kf5 65. Rf8+ Ke4
66. Re8+ Re5 67. Rd8 Kf5+ 68. Kf3 Re3+ 69. Kg2 g4 70. Rd5+ Re5 71. Rxe5+ Kxe5
72. Nxg4+ Kd4 0-1

[Event "Copenhagen Chess Challenge 2017"]
[Site "Ballerup"]
[Date "2017.05.11"]
[Round "2.26"]
[White "Andersen, Soren Mikkel"]
[Black "Winkler, Finn Lukas"]
[Result "1-0"]
[WhiteElo "2111"]
[BlackElo "1824"]
[PlyCount "93"]
[EventDate "2017.05.10"]

1. d4 d5 2. c4 c6 3. Nf3 Nf6 4. Nc3 g6 5. cxd5 Nxd5 6. e4 Nxc3 7. bxc3 Bg7 8.
Bc4 O-O 9. O-O Nd7 10. a4 Qc7 11. Ba3 Nf6 12. Re1 Bg4 13. h3 Bxf3 14. Qxf3 Rfe8
15. e5 Nd5 16. Bb3 Rad8 17. a5 Qd7 18. Bc5 a6 19. Rab1 e6 20. Bxd5 cxd5 21. Rb3
Qc8 22. Reb1 Rd7 23. c4 Bf8 24. Bxf8 Kxf8 25. cxd5 exd5 26. Rc3 Qd8 27. Rc5 Re6
28. Rbc1 Kg7 29. Qb3 g5 30. Qa4 f6 31. exf6+ Rxf6 32. Qb3 Rf5 33. Qg3 Rff7 34.
Re1 Rf5 35. Re6 h6 36. Qd3 Qf8 37. g4 Rf6 38. Qe3 Qf7 39. Re8 Rc6 40. Qe5+ Qf6
41. Rxd5 Rf7 42. Qe3 Qf4 43. Qxf4 Rxf4 44. Re7+ Kf6 45. Rxb7 Rc1+ 46. Kg2 Rc2
47. Rd6# 1-0

[Event "Copenhagen Chess Challenge 2017"]
[Site "Ballerup"]
[Date "2017.05.11"]
[Round "2.27"]
[White "Larsen, Preben R"]
[Black "Adinolfi, Vincenzo"]
[Result "1/2-1/2"]
[WhiteElo "1841"]
[BlackElo "2108"]
[PlyCount "69"]
[EventDate "2017.05.10"]

1. e4 c5 2. Nf3 g6 3. d4 cxd4 4. Nxd4 Nc6 5. Be3 Bg7 6. c3 Nf6 7. f3 d5 8. Bb5
Bd7 9. Bxc6 bxc6 10. e5 Ng8 11. f4 e6 12. Nd2 Ne7 13. N2f3 c5 14. Nb3 c4 15.
Nbd4 Nf5 16. Nxf5 gxf5 17. Qe2 Bf8 18. Ng5 Be7 19. h4 h5 20. Bd4 Qa5 21. O-O
Bc5 22. Qf2 Bxd4 23. Qxd4 Qb6 24. Qxb6 axb6 25. Rfd1 Ke7 26. Rd2 Rhg8 27. Kf2
Ra5 28. Nh7 Rga8 29. a3 Bc6 30. Nf6 Rh8 31. Re1 Raa8 32. Re3 Rh6 33. Rg3 Rg6
34. Rxg6 fxg6 35. Nh7 1/2-1/2

[Event "Copenhagen Chess Challenge 2017"]
[Site "Ballerup"]
[Date "2017.05.11"]
[Round "2.28"]
[White "Slettebo, Jan"]
[Black "Christophersen, David"]
[Result "1-0"]
[WhiteElo "2020"]
[BlackElo "1788"]
[PlyCount "95"]
[EventDate "2017.05.10"]

1. e4 c5 2. Nf3 g6 3. d4 cxd4 4. Qxd4 Nf6 5. Nc3 Nc6 6. Qa4 Bg7 7. e5 Ng8 8.
Bf4 a6 9. O-O-O e6 10. Ne4 Qa5 11. Nd6+ Kf8 12. Qxa5 Nxa5 13. Bd3 b5 14. Be4
Rb8 15. Be3 f5 16. exf6 Nxf6 17. Ba7 Nxe4 18. Bxb8 Nxf2 19. Nxc8 Nxh1 20. Rxh1
Nc4 21. b3 Bh6+ 22. Kd1 Kg7 23. bxc4 Rxc8 24. Be5+ Kg8 25. cxb5 axb5 26. a3 Bf8
27. Bb2 Ra8 28. Kd2 d5 29. Rb1 Kf7 30. Ne5+ Kg8 31. Nd7 Be7 32. Nf6+ Bxf6 33.
Bxf6 Rxa3 34. Rxb5 Kf7 35. Be5 g5 36. Rb7+ Kg6 37. g4 Ra4 38. h3 Re4 39. Bb2 h5
40. Rg7+ Kh6 41. gxh5 Kxh5 42. Bf6 Kh6 43. Rg8 e5 44. Bxg5+ Kh5 45. Bf6 Rd4+
46. Kc1 Re4 47. Rg5+ Kh6 48. Rxe5 1-0

[Event "Copenhagen Chess Challenge 2017"]
[Site "Ballerup"]
[Date "2017.05.11"]
[Round "2.29"]
[White "Liu, Casper Yukun"]
[Black "Andersen, Kim Nyvang"]
[Result "0-1"]
[WhiteElo "1803"]
[BlackElo "2011"]
[PlyCount "56"]
[EventDate "2017.05.10"]

1. e4 c5 2. Nf3 Nc6 3. d4 cxd4 4. Nxd4 Nf6 5. Nc3 e5 6. Nf5 d5 7. Nxd5 Nxe4 8.
Nfe3 Be6 9. f3 Nc5 10. Bb5 a6 11. Be2 Nd4 12. c3 Nxe2 13. Kxe2 b5 14. b4 Na4
15. c4 f5 16. cxb5 axb5 17. Qd3 Bxd5 18. Qxb5+ Ke7 19. Nxf5+ Ke6 20. Qd3 Bxb4
21. Nxg7+ Kf7 22. Nh5 Nc3+ 23. Kf1 Qc8 24. Kf2 e4 25. fxe4 Bxe4 26. Qg3 Qc5+
27. Be3 Qxh5 28. Rhf1 Ke6 0-1

[Event "Copenhagen Chess Challenge 2017"]
[Site "Ballerup"]
[Date "2017.05.11"]
[Round "2.30"]
[White "Fossan, Andreas"]
[Black "Van den Brink, Nienke"]
[Result "1-0"]
[WhiteElo "1994"]
[BlackElo "1756"]
[PlyCount "73"]
[EventDate "2017.05.10"]

1. d4 Nf6 2. c4 c5 3. d5 b5 4. Qc2 d6 5. e4 b4 6. Nf3 Nbd7 7. Be2 g6 8. O-O Bg7
9. a3 bxa3 10. Rxa3 O-O 11. Bd2 Qc7 12. Bc3 Rb8 13. Nbd2 a6 14. Re1 Bb7 15. h3
Bc8 16. Nb3 Bb7 17. Nc1 Nh5 18. Nd3 Bxc3 19. Qxc3 Nhf6 20. Bd1 Ne8 21. Nh2 Ng7
22. Ng4 h5 23. Ne3 Nf6 24. Nf1 Nd7 25. f4 h4 26. Nh2 Bc8 27. Nf3 f5 28. e5 Qb7
29. Nxh4 Kh7 30. exd6 exd6 31. Re7 Rg8 32. Qe1 Qb6 33. Nxg6 Kxg6 34. Qg3+ Kh7
35. Qh4+ Kg6 36. Qg5+ Kh7 37. Qh5# 1-0

[Event "Copenhagen Chess Challenge 2017"]
[Site "Ballerup"]
[Date "2017.05.11"]
[Round "2.31"]
[White "Winther, Bjarke Rosenborg"]
[Black "Pakmor, Claus"]
[Result "0-1"]
[WhiteElo "1784"]
[BlackElo "1992"]
[PlyCount "60"]
[EventDate "2017.05.10"]

1. e4 e5 2. Nf3 Nc6 3. Bc4 Bc5 4. c3 Nf6 5. d3 d6 6. h3 Be6 7. Nbd2 O-O 8. O-O
d5 9. exd5 Bxd5 10. b4 Bd6 11. Qb3 Ne7 12. Bxd5 Nexd5 13. Ne4 h6 14. Nxd6 Qxd6
15. a3 Rad8 16. d4 exd4 17. Nxd4 Nxc3 18. Be3 Ncd5 19. Nb5 Qa6 20. a4 Nxe3 21.
Qxe3 Nd5 22. Qb3 c6 23. Nc3 Nxc3 24. Qxc3 Rd3 25. Qc5 Rd5 26. Qe7 Qb6 27. Rfb1
Rfd8 28. a5 Qb5 29. a6 b6 30. Qxa7 R5d7 0-1

[Event "Copenhagen Chess Challenge 2017"]
[Site "Ballerup"]
[Date "2017.05.11"]
[Round "2.32"]
[White "Sorensen, Per Settergren"]
[Black "Kallenbach, Uffe"]
[Result "1-0"]
[WhiteElo "1980"]
[BlackElo "1698"]
[PlyCount "97"]
[EventDate "2017.05.10"]

1. e4 c5 2. Nf3 d6 3. d4 cxd4 4. Nxd4 Nf6 5. Nc3 a6 6. g3 Nc6 7. Bg2 Bd7 8. O-O
e6 9. Nde2 Be7 10. a4 O-O 11. b3 Rc8 12. Ba3 Qc7 13. Qd2 Rfd8 14. Rad1 d5 15.
Bxe7 Nxe7 16. exd5 exd5 17. Rc1 Bf5 18. Nd1 Qd7 19. Nd4 Bh3 20. Ne3 Bxg2 21.
Kxg2 Ne4 22. Qe2 Nc3 23. Qh5 b5 24. axb5 Nxb5 25. Nf3 Rc3 26. Ng5 Ng6 27. Qxh7+
Kf8 28. Qh5 d4 29. Ng4 Qc6+ 30. Kg1 Rxc2 31. Nxf7 Rxc1 32. Nxd8 Rxf1+ 33. Kxf1
Qh1+ 34. Ke2 Nc3+ 35. Kd3 Qe4+ 36. Kc4 Qe2+ 37. Kb4 Qe7+ 38. Qc5 Qxc5+ 39. Kxc5
d3 40. Ne6+ Ke7 41. Nxg7 d2 42. Nf5+ Kf7 43. Nfe3 d1=Q 44. Nxd1 Nxd1 45. Kb6
Ke6 46. Kxa6 Ne7 47. b4 Kd7 48. h4 Nc3 49. h5 1-0

[Event "Copenhagen Chess Challenge 2017"]
[Site "Ballerup"]
[Date "2017.05.11"]
[Round "2.33"]
[White "Kvaloy, Aksel Bu"]
[Black "Harstad, Christian"]
[Result "1/2-1/2"]
[WhiteElo "1706"]
[BlackElo "1979"]
[PlyCount "95"]
[EventDate "2017.05.10"]

1. d4 Nf6 2. Nf3 g6 3. Nc3 d5 4. Bf4 Bg7 5. Qd2 Ne4 6. Nxe4 dxe4 7. Ne5 b5 8.
e3 a6 9. Qc3 Bb7 10. Qb3 O-O 11. c4 f6 12. cxb5+ Kh8 13. Nc6 Nxc6 14. bxc6 Bxc6
15. h4 Bd5 16. Qc2 c6 17. Be2 h6 18. Kf1 Kg8 19. Bc4 g5 20. Bg3 f5 21. hxg5
hxg5 22. f3 Qd7 23. Kg1 Qe6 24. Bxd5 cxd5 25. f4 Rac8 26. Qe2 g4 27. Kf2 Rc4
28. Rhd1 Rfc8 29. Kf1 Qh6 30. Kg1 Qb6 31. Rd2 e6 32. Be1 Bf8 33. b3 R4c6 34.
Rb2 Ba3 35. Rd2 Kg7 36. Rb1 a5 37. Rbd1 Bc1 38. Qf2 Bxd2 39. Bxd2 Qb5 40. Rb1
Qd3 41. Rb2 Rc2 42. Qh4 Rxb2 43. Qe7+ Kh8 44. Qf6+ Kg8 45. Qg6+ Kf8 46. Qf6+
Kg8 47. Qg6+ Kh8 48. Qh6+ 1/2-1/2

[Event "Copenhagen Chess Challenge 2017"]
[Site "Ballerup"]
[Date "2017.05.11"]
[Round "2.34"]
[White "Hentley, Darryl"]
[Black "Larsen, Ulrik"]
[Result "0-1"]
[WhiteElo "1643"]
[BlackElo "1938"]
[PlyCount "54"]
[EventDate "2017.05.10"]

1. d4 Nf6 2. Bg5 c5 3. Bxf6 gxf6 4. d5 Qb6 5. b3 f5 6. Nc3 Bg7 7. Qd3 Na6 8.
Kd2 Qf6 9. a3 d6 10. Ra2 c4 11. Qxc4 Bd7 12. e3 Rc8 13. Qd4 Rxc3 14. Kxc3 Qg6
15. Qxg7 Qxg7+ 16. Kd2 Nc5 17. f3 f4 18. e4 Qd4+ 19. Bd3 Nxd3 20. cxd3 Bb5 21.
Nh3 Qxd3+ 22. Kc1 Qc3+ 23. Rc2 Qa1+ 24. Kd2 Qxh1 25. Nxf4 Kd7 26. Rc1 Qxh2 27.
Ke3 Rc8 0-1

[Event "Copenhagen Chess Challenge 2017"]
[Site "Ballerup"]
[Date "2017.05.11"]
[Round "2.35"]
[White "Nilssen, Ellen Fredericia"]
[Black "Sundin, Sven Ingvar"]
[Result "1-0"]
[WhiteElo "1926"]
[BlackElo "1605"]
[PlyCount "55"]
[EventDate "2017.05.10"]

1. d4 d5 2. c4 c6 3. Nc3 e5 4. cxd5 cxd5 5. e3 e4 6. Qb3 Nf6 7. Nge2 b6 8. Nf4
Bb7 9. Bb5+ Bc6 10. Bxc6+ Nxc6 11. Nfxd5 Nxd5 12. Qxd5 Nb4 13. Qxe4+ Be7 14. a3
Na6 15. Nd5 Rc8 16. O-O Nc7 17. Nxe7 Qxe7 18. Qxe7+ Kxe7 19. Bd2 Ne6 20. Rac1
Rcd8 21. Rfd1 f5 22. d5 Nc5 23. Bb4 Kd6 24. Rc4 g6 25. Bxc5+ bxc5 26. Ra4 Rd7
27. Ra6+ Ke5 28. Re6# 1-0

[Event "Copenhagen Chess Challenge 2017"]
[Site "Ballerup"]
[Date "2017.05.11"]
[Round "2.36"]
[White "Nielsen, Thomas (1994)"]
[Black "Nielsen, Thomas (1975)"]
[Result "0-1"]
[WhiteElo "1582"]
[BlackElo "1916"]
[PlyCount "40"]
[EventDate "2017.05.10"]

1. a3 d5 2. d4 Bf5 3. e3 Nf6 4. c4 c6 5. Nc3 Nbd7 6. Nf3 e6 7. h3 Bd6 8. Nh4
Bg6 9. Nxg6 hxg6 10. Qc2 O-O 11. Bd2 Rc8 12. Rc1 e5 13. dxe5 Nxe5 14. cxd5 cxd5
15. Qb3 b6 16. Ba6 Rc5 17. O-O Bb8 18. Ne2 Re8 19. Bb4 Qc7 20. Bxc5 Nf3+ 0-1

[Event "Copenhagen Chess Challenge 2017"]
[Site "Ballerup"]
[Date "2017.05.11"]
[Round "3.1"]
[White "Englert, Fabian"]
[Black "Andersen, Mads"]
[Result "0-1"]
[WhiteElo "2375"]
[BlackElo "2582"]
[PlyCount "78"]
[EventDate "2017.05.10"]

1. e4 c5 2. Nf3 d6 3. d4 cxd4 4. Nxd4 Nf6 5. Nc3 a6 6. Be3 e6 7. g4 e5 8. Nf5
g6 9. g5 gxf5 10. exf5 d5 11. Qf3 Ne4 12. Nxe4 dxe4 13. Qxe4 Nc6 14. Rd1 Bd7
15. Bc4 Qc7 16. O-O O-O-O 17. Bxf7 Nd4 18. Bxd4 exd4 19. Rxd4 Bc6 20. Be6+ Kb8
21. Rxd8+ Qxd8 22. Qg4 h6 23. g6 Bg7 24. c3 h5 25. Qf4+ Ka8 26. Re1 Re8 27. h3
Qd3 28. Qe3 Qc2 29. Re2 Qb1+ 30. Re1 Qxb2 31. Rd1 Qxc3 32. Qxc3 Bxc3 33. Bf7
Re7 34. Rd8+ Ka7 35. Be6 Re8 36. Rd3 Bg7 37. f4 Kb8 38. Bf7 Re4 39. Bd5 Rd4 0-1

[Event "Copenhagen Chess Challenge 2017"]
[Site "Ballerup"]
[Date "2017.05.11"]
[Round "3.2"]
[White "Rasmussen, Allan Stig"]
[Black "Nikolovski, Nikola"]
[Result "1-0"]
[WhiteElo "2547"]
[BlackElo "2366"]
[PlyCount "93"]
[EventDate "2017.05.10"]

1. Nf3 Nf6 2. d4 c5 3. c3 b6 4. Bf4 g6 5. e3 Bg7 6. Nbd2 O-O 7. Bd3 Ba6 8. Bxa6
Nxa6 9. a4 Nc7 10. O-O d6 11. h3 Qd7 12. Qe2 Rfc8 13. Rfd1 cxd4 14. exd4 a6 15.
c4 b5 16. b3 bxc4 17. bxc4 a5 18. Re1 Re8 19. Nb3 Nh5 20. Bd2 e5 21. d5 Rab8
22. Ra3 e4 23. Nfd4 f5 24. Qd1 f4 25. Nc6 Ra8 26. Qg4 Qf7 27. Bxa5 Nxd5 28.
cxd5 Qxd5 29. Qd7 Bb2 30. Nb4 Qg5 31. Ra2 Nf6 32. Qb5 Be5 33. Nc6 f3 34. Qf1
Bf4 35. Bd2 Nh5 36. Ncd4 Rab8 37. a5 Re5 38. a6 Qh4 39. a7 Ra8 40. Nxf3 exf3
41. Rxe5 Bxe5 42. Qd3 fxg2 43. Qd5+ Kg7 44. Qb7+ Kf6 45. Qxa8 Qc4 46. Qf8+ Ke6
47. Qg8+ 1-0

[Event "Copenhagen Chess Challenge 2017"]
[Site "Ballerup"]
[Date "2017.05.11"]
[Round "3.3"]
[White "Hansen, Mads"]
[Black "Haubro, Martin"]
[Result "0-1"]
[WhiteElo "2440"]
[BlackElo "2356"]
[PlyCount "102"]
[EventDate "2017.05.10"]

1. e4 e5 2. Nf3 Nc6 3. d4 exd4 4. Nxd4 Nf6 5. Nxc6 bxc6 6. e5 Qe7 7. Qe2 Nd5 8.
c4 Nb6 9. Nc3 Qe6 10. Qe4 g6 11. f4 Bg7 12. Be3 O-O 13. O-O-O d6 14. Bxb6 axb6
15. Qxc6 Ra5 16. Qxc7 dxe5 17. Rd6 Qg4 18. Qxb6 Ra6 19. Qc5 Bf5 20. Bd3 Rc8 21.
Qd5 Rxd6 22. Qxd6 Qxg2 23. Rd1 Qxh2 24. Rd2 Qxf4 25. Nd5 Rxc4+ 26. Bxc4 Qxc4+
27. Nc3 Qf1+ 28. Nd1 Qc4+ 29. Nc3 h5 30. Rf2 Bh6+ 31. Kd1 Qg4+ 32. Ne2 Be3 33.
Rxf5 Qxf5 34. Nc3 Bg5 35. Qd5 h4 36. Ke2 h3 37. Ne4 h2 38. Nf2 Bh4 39. Nh1 Qc2+
40. Kf3 Qc1 41. Kg4 Qf4+ 42. Kh3 e4 43. Kg2 e3 44. Qf3 Qxf3+ 45. Kxf3 Bf6 46.
b4 Bd4 47. Ng3 f5 48. a4 f4 49. Nh1 g5 50. a5 g4+ 51. Ke2 f3+ 0-1

[Event "Copenhagen Chess Challenge 2017"]
[Site "Ballerup"]
[Date "2017.05.11"]
[Round "3.4"]
[White "Rostgaard, Tobias Valentin"]
[Black "Percivaldi, Martin"]
[Result "1/2-1/2"]
[WhiteElo "2366"]
[BlackElo "2421"]
[PlyCount "77"]
[EventDate "2017.05.10"]

1. e4 e6 2. d4 d5 3. Nd2 c5 4. Ngf3 cxd4 5. exd5 Qxd5 6. Bc4 Qd6 7. O-O Nf6 8.
Nb3 Nc6 9. Nbxd4 Nxd4 10. Nxd4 a6 11. Re1 Qc7 12. Bf1 Bc5 13. Nb3 Bd6 14. h3
O-O 15. c4 b6 16. Be3 Rd8 17. Qe2 Bb7 18. Rac1 Ne4 19. c5 bxc5 20. Nxc5 Bxc5
21. b4 Ng3 22. fxg3 Bxe3+ 23. Qxe3 Qd6 24. Rc5 h6 25. Rec1 Qb6 26. a3 Rd6 27.
Qf2 Rad8 28. Rc7 Qxf2+ 29. Kxf2 Rd2+ 30. Kg1 R8d7 31. R1c2 Rd1 32. Rxd7 Rxd7
33. g4 Kf8 34. Kf2 g6 35. Be2 Kg7 36. Bf3 Bxf3 37. gxf3 Rd3 38. a4 Rb3 39. Rc6
1/2-1/2

[Event "Copenhagen Chess Challenge 2017"]
[Site "Ballerup"]
[Date "2017.05.11"]
[Round "3.5"]
[White "Fries Nielsen, Jens Ove"]
[Black "Pfreundt, Jakob"]
[Result "1/2-1/2"]
[WhiteElo "2351"]
[BlackElo "2388"]
[PlyCount "60"]
[EventDate "2017.05.10"]

1. e4 e5 2. Nf3 Nc6 3. d3 Nf6 4. c4 Bc5 5. Be2 d6 6. Nc3 Bg4 7. O-O a6 8. Bg5
Bxf3 9. Bxf3 h6 10. Bxf6 Qxf6 11. Nd5 Qd8 12. Bg4 O-O 13. Kh1 Bd4 14. Qe2 g6
15. Bh3 Kg7 16. g3 Ne7 17. f4 Nxd5 18. cxd5 exf4 19. gxf4 c5 20. dxc6 bxc6 21.
Rac1 c5 22. b3 Ra7 23. Qf3 Qf6 24. Rc2 Rb8 25. Re2 Re8 26. Bg2 Qh4 27. Bh3 Rae7
28. Rg2 Qf6 29. Rc2 Qh4 30. Rg2 Qf6 1/2-1/2

[Event "Copenhagen Chess Challenge 2017"]
[Site "Ballerup"]
[Date "2017.05.11"]
[Round "3.6"]
[White "O'Gorman, Tom"]
[Black "Getz, Nicolai"]
[Result "0-1"]
[WhiteElo "2229"]
[BlackElo "2378"]
[PlyCount "90"]
[EventDate "2017.05.10"]

1. e4 e5 2. Nf3 Nc6 3. Bb5 a6 4. Ba4 Nf6 5. O-O b5 6. Bb3 Bb7 7. d3 Be7 8. Nc3
O-O 9. Bd2 d6 10. a4 Na5 11. Ba2 b4 12. Ne2 c5 13. Ng3 Rb8 14. Nf5 Bc8 15. N3h4
Ne8 16. Qg4 Bxh4 17. Qxh4 Qxh4 18. Nxh4 Be6 19. Nf5 Nc6 20. Bd5 Bxd5 21. exd5
Nd4 22. Nxd4 cxd4 23. c3 bxc3 24. bxc3 dxc3 25. Bxc3 Nc7 26. Ba5 Nxd5 27. Rfc1
Rfc8 28. g3 Kf8 29. Rc4 Ke7 30. Rac1 Kd7 31. Kg2 Rxc4 32. dxc4 Ne7 33. Kf3 Nc6
34. Bc3 Rb3 35. Ke2 Ra3 36. a5 Nxa5 37. c5 Nc6 38. cxd6 Kxd6 39. Kd3 Kd5 40.
Rd1 Nd4 41. h4 f5 42. f4 e4+ 43. Kd2 e3+ 44. Kd3 e2 45. Re1 Nb5 0-1

[Event "Copenhagen Chess Challenge 2017"]
[Site "Ballerup"]
[Date "2017.05.11"]
[Round "3.7"]
[White "Nielsen, Thomas Bach"]
[Black "Chatalbashev, Boris"]
[Result "0-1"]
[WhiteElo "2163"]
[BlackElo "2546"]
[PlyCount "66"]
[EventDate "2017.05.10"]

1. f4 g6 2. Nf3 Bg7 3. g3 d5 4. Bg2 c6 5. d3 Nh6 6. c3 O-O 7. O-O Qb6+ 8. e3
Bg4 9. h3 Bxf3 10. Qxf3 Nd7 11. Kh1 e5 12. e4 dxe4 13. dxe4 f5 14. exf5 Nxf5
15. Na3 e4 16. Qf2 Qxf2 17. Rxf2 Nxg3+ 18. Kh2 Nh5 19. Bxe4 Rae8 20. Bd3 Nc5
21. Bc2 Be5 22. Nc4 Bc7 23. Kg2 Re1 24. Rb1 Ne4 25. Bd2 Rxb1 26. Bxe4 Ra1 27.
f5 Ng3 28. Bc2 Nxf5 29. Bxf5 Rxf5 30. Re2 b5 31. Ne3 Re5 32. Rf2 Bb6 33. Rf3
Rxa2 0-1